01268nam a2200277 a 4500001001000000003000900010005001700019008004100036040002500077082001700102100004400119245009200163260007200255300002100327490004000348500005500388500007300443590002600516650003800542830004700580910003700627942001400664952017400678952012100852999001700973000012931DO-SdBNP20240927073747.0091118s1954 es 001 0 spa d aDO-SdBNPbspacBNPHU a808.1bB171a1 a Balaguer, Joaquín,d1906-200297655610aApuntes para una historia prosódica de la métrica castellana /cJoaquín Balaguer. aMadrid :bConsejo Superior de Investigación Científicas,c1954. a265 p. ;c25 cm.1 aAnejos de revista de literaturav13 aIncluye datos biográficos del autor en la solapa aIncluye referencias bibliográficas y notas al pie de las páginas aInventariado, 2019/DG14aEspañolxVersificación921815 0aAnejos de revista de literaturav13915426 aValidado. Control de calidad MFF 2ddccLBS1 001050718RVaPDbPDcHDd2009-11-18iLF1l0o808.1 B171ap12931-10r2020-06-25w2020-06-25y1zPerteneció a la biblioteca personal de Martínez Boog.ZNo se presta 001050718RVaPDbPDcHDd2013-07-02iLF1l0o808.1 B171ap12931-20r2020-06-25te. 2w2020-06-25y1ZNo se presta c12579d12579